000 00929cab a2200241 4500
001 WB2940-43
008 090401t1993 xxu||||| |||| 00| 0 eng d
035 _a(Sirsi) u58977
041 _aeng
245 _aResidential homes contract
260 _c1993
350 _a0
490 _aTimes
_v26 October 1993, 38(1)
520 _a"R v Newcastle upon Tyne CC ex parte Dixon" HL 20 October 1993. Held that an authority providing care services according to the National Assistance Act 1948, could enter contractual arrangements with operators of registered homes without restriction from that Act or the Registered Homes Act 1984.
650 _aNATIONAL ASSISTANCE ACT 1948
650 _aNATIONAL HEALTH SERVICE AND COMMUNITY CARE ACT 1990
650 _aREGISTERED HOMES ACT 1984
650 _aRESIDENTIAL HOMES
690 _aHOUSING-CASE LAW
690 _aBlock management
_96220
942 _n0
948 _c04/03/1997
999 _c36098
_d36098